| 000 | 00360nab a22001097u 4500 | ||
|---|---|---|---|
| 008 | 130520b2010 xxu||||| |||| 00| 0 spa d | ||
| 041 | _aspa | ||
| 100 | 1 |
_aGómez Iglesias, Carlos _982272 |
|
| 245 | 0 | 0 |
_aLa salud psicológica del clero _cCarlos Gómez Iglesias |
| 773 | 0 |
_tEstudios Mindonienses _gV.26, nº26,2010,págs. 303-372 _x0213-4357 _wRev196 |
|
| 942 | _cAR | ||
| 999 |
_c415147 _d415147 |
||